000 00829nam a22002177a 4500
999 _c61682
_d61682
005 20240416162125.0
008 240416s2007 enk||||| |||| 00| 0 eng d
020 _a‎ 9781416030065x
041 _aeng
080 _a616.15 R-69
100 _aRodak, Bernadette F.
_921820
245 _aHematology:
_bClinical Principles and Applications /
_cBernadette F. Rodak, George A. Fritsma, Kathryn Doig.
264 _aPhiladelphia :
_bSaunders,
_c2007.
300 _a816 p.;
_bill.;
_c29 cm.
653 _aჰემატოლოგია
653 _aკლინიკური პრინციპები და აპლიკაციები
653 _aმედიცინა
700 _aFritsma, George A.
_eავტორი
_921821
700 _aDoig, Kathryn
_eავტორი
_921822
942 _2udc
_cBK